LEADER 03419nam 22005053 450 001 9910800146703321 005 20250313080342.0 010 $a9788028003883 010 $a8028003885 035 $a(CKB)5580000000716493 035 $a(MiAaPQ)EBC31953843 035 $a(Au-PeEL)EBL31953843 035 $a(oapen)doab133511 035 $a(OCoLC)1507695763 035 $a(EXLCZ)995580000000716493 100 $a20250313d2023 uy 0 101 0 $aeng 135 $aurcnu|||||||| 181 $ctxt$2rdacontent 182 $cc$2rdamedia 183 $acr$2rdacarrier 200 14$aThe 3rd Plasma Nanotechnologies and Bioapplications Workshop $eScientific Program Book of Abstracts 205 $a1st ed. 210 $cMasaryk University Press$d2023 210 1$aBrno :$cMasaryk University,$d2023. 210 4$d©2023. 215 $a1 online resource (81 pages) 311 08$a9788028003876 311 08$a8028003877 327 $aIntro -- CONTENTS -- PREFACE -- VENUE -- SCIENTIFIC PROGRAM -- List of participants -- ABSTRACTS -- SECTION 2: New developments and diagnostics of DBD - part 1 -- SECTION 3: New developments and diagnostics of DBD - part 2 -- SECTION 4: Plasma and glass processing -- SECTION 5: Plasma in contact with liquids & -- Plasma water purification -- SECTION 6: Plasma and bioapplications -- SECTION 7: Plasma reduced graphene oxide -- SECTION 8: Plasma surface processes. 330 $aTitle in English: The 3rd Plasma Nanotechnologies and Bioapplications Workshop: Scientific Program & Book of Abstracts The Book of Abstracts contains contributions to the presentations of the third workshop organized by the Plasma Nanotechnology and Bioapplications Research Group at the Department of Plasma Physics and Technology, Faculty of Science, Masaryk University. The event, entitled "The 3rd Plasma Nanotechnologies and Bioapplications Workshop", was held at the Rustikal Hotel in Hustopec?e from 9 to 12 October 2023. The workshop was attended by scientific teams from the Department of Plasma Physics and Technology of the Faculty of Science at Masaryk University, the Department of Experimental Physics and Division of Environmental Physics of the Faculty of Mathematics, Physics and Informatics at Comenius University in Bratislava, which are regular participants. However, this year's edition is also characterised by the abundant participation of international teams from Germany - HAWK University of Applied Sciences and Arts, University of Stuttgart; Slovenia - University of Ljubljana and Austria - University of Natural Resources and Life Sciences. During the workshop, contributions on the following topics were presented in the form of lectures: New developments and diagnostics of DBD, Plasma and glass processing, Plasma in contact with liquids & Plasma water purification, Plasma and bioapplications, Plasma reduced graphene oxide, and Plasma surface processes. 606 $aPlasma physics$2bicssc 615 7$aPlasma physics 700 $a?rámková$b Petra$01794617 701 $aKová?ik$b Du?an$01794618 701 $aSkácelová$b Dana$01794619 701 $aKelar$b Jakub$01794620 701 $aBeigi$b Pedram$01794621 801 0$bMiAaPQ 801 1$bMiAaPQ 801 2$bMiAaPQ 906 $aBOOK 912 $a9910800146703321 996 $aThe 3rd Plasma Nanotechnologies and Bioapplications Workshop$94335422 997 $aUNINA LEADER 05616nam 2200865 a 450 001 9910954832703321 005 20251117094814.0 010 $a1-283-35668-6 010 $a9786613356680 010 $a90-04-21413-5 024 7 $a10.1163/9789004214132 035 $a(CKB)2550000000074717 035 $a(EBL)1010564 035 $a(OCoLC)774290146 035 $a(SSID)ssj0000554806 035 $a(PQKBManifestationID)11368621 035 $a(PQKBTitleCode)TC0000554806 035 $a(PQKBWorkID)10517170 035 $a(PQKB)10259124 035 $a(nllekb)BRILL9789004214132 035 $a(Au-PeEL)EBL1010564 035 $a(CaPaEBR)ebr10518131 035 $a(CaONFJC)MIL335668 035 $a(MiAaPQ)EBC1010564 035 $a(PPN)170736105 035 $a(EXLCZ)992550000000074717 100 $a20110816d2012 uy 0 101 0 $aeng 135 $aur|n|---||||| 181 $ctxt 182 $cc 183 $acr 200 00$a"Go out and study the land" (Judges 18:2) $earchaeological, historical and textual studies in honor of Hanan Eshel /$fedited by Aren M. Maeir, Jodi Magness, and Lawrence H. Schiffman 205 $a1st ed. 210 $aLeiden ;$aBoston $cBrill$d2012 215 $a1 online resource (495 p.) 225 1 $aSupplements to the Journal for the study of Judaism ;$vv. 148 300 $aDescription based upon print version of record. 311 08$a90-04-20268-4 320 $aIncludes bibliographical references and index. 327 $tPreliminary Material --$tAlexander Jannaeus?Priest and King /$rDan B. Barag --$tHerod?s Eagle /$rAlbert I. Baumgarten --$tThe Classification of 4Q505: Daily or Festival Prayers? /$rEsther G. Chazon --$tThe Artaxerxes Correspondence of Ezra 4, Nehemiah?s Wall, and Persian Provincial Administration /$rLisbeth S. Fried --$tProtection from Birds in the Book of Jubilees /$rBetsy Halpern-Amaru --$tAncient Material in Pirqe de-Rabbi Eli?ezer: Basilides, Qumran, the Book of Jubilees /$rMenahem Kister --$tThe Covenant with the Levites (Jer 33:21) in the Proto-Masoretic Text of Jeremiah in Light of the Dead Sea Scrolls /$rArmin Lange --$tDisposing of the Dead: An Illustration of the Intersection of Archaeology and Text /$rJodi Magness --$tJosephus and Early Halakhah: The Exclusion of Impure Persons from Holy Precincts /$rVered Noam --$tAn Elusive Sadducean Dispute /$rZe?ev Safrai --$tOn the Edge of the Diaspora: Jews in the Dead Sea Region in the First Two Centuries C.E. /$rLawrence H. Schiffman --$tRe-Imagining the Eschatological War?4Q285/11Q14 /$rBrian Schultz --$tMattathias? Final Speech (1 Maccabees 2): From Religious Zeal to Simonide Propaganda /$rDaniel R. Schwartz --$tLate Iron Age Judean Cooking Pots with Impressed Handles: A New Class of Stamped Impressions from the Kingdom of Judah /$rItzick Shai , David Ben-Shlomo and Aren M. Maeir --$tThe Names of the Rivers /$rMichael E. Stone --$tThe Book of Enoch and the Ethiopian Manuscript Tradition: New Data /$rLoren T. Stuckenbruck and Ted M. Erho --$tBuried Manuscripts and Empty Tombs: The Qumran Genizah Theory Revisited /$rJoan E. Taylor --$tGleanings from the Plates of Unidentified Fragments: Two PAM 43.674 Identifications (4Q365 and 4Q416) /$rEibert J.C. Tigchelaar --$tEclectic Text Editions of Hebrew Scripture /$rEmanuel Tov --$t4Q252: Listenwissenschaft and Covenantal Patriarchal Blessings /$rShani Tzoref --$tThe Common Ownership of Property in Essene Communities /$rJames C. VanderKam --$tThe Identification of Biblical Achzib at Khirbet ??n el-Kizbe in the Judean Shephelah, and the Origins of Shimon Bar Kokhba /$rBoaz Zissu and Erasmus Gass --$tIndex of Ancient Sources --$tIndex of Modern Authors. 330 $aHanan Eshel (z\'l) was a prolific scholar in the field of Dead Sea Scrolls, Classical Archaeology of the Near East and many other topics. During his terminal illness, friends and colleagues got together to present him with a collection of studies on topics that were close to his fields of interest, as an expression of deep friendship and admiration. The volume contains the 22 papers presented to Hanan before his death, covering topics in archaeology, history, and textual studies, with a particular emphasis on aspects relating to the Dead Sea Scrolls, spanning the late Iron Age through late Antiquity. 410 0$aSupplements to the Journal for the study of Judaism ;$vv. 148. 606 $aJews$xHistory$y586 B.C.-70 A.D 606 $aJudaism$xHistory$yPost-exilic period, 586 B.C.-210 A.D 606 $aQumran community 606 $aExcavations (Archaeology)$zIsrael 606 $aExcavations (Archaeology)$zJudaea, Wilderness of 607 $aIsrael$xAntiquities 607 $aQumran Site (West Bank)$xAntiquities 608 $aAufsatzsammlung. 608 $aBibliographie. 608 $aCriticism, interpretation, etc.$2fast 608 $aHistory.$2fast 608 $aFeestbundels (vorm)$2gtt 608 $aFestschriften$2nli 615 0$aJews$xHistory 615 0$aJudaism$xHistory 615 0$aQumran community. 615 0$aExcavations (Archaeology) 615 0$aExcavations (Archaeology) 676 $a220.9 686 $a6,12$2ssgn 686 $aBC 7600-BC 7610$2rvk 701 $aEshel$b H?anan$01863985 701 $aMaeir$b Aren M$01863986 701 $aMagness$b Jodi$01790931 701 $aSchiffman$b Lawrence H$01024475 801 0$bMiAaPQ 801 1$bMiAaPQ 801 2$bMiAaPQ 906 $aBOOK 912 $a9910954832703321 996 $a"Go out and study the land" (Judges 18:2)$94470683 997 $aUNINA